| 000 | 00624nam a2200241Ia 4500 | ||
|---|---|---|---|
| 003 | OSt | ||
| 005 | 20221005121146.0 | ||
| 006 | a|||||r|||| 00| 0 | ||
| 007 | ta | ||
| 008 | 221004b |||||||| |||| 00| 0 tam d | ||
| 024 | _a51825 | ||
| 037 | _cTextual | ||
| 040 |
_aCRL _cCRL _btam |
||
| 041 |
_2tam _atam |
||
| 082 | _aR3,3(V), 31L0 | ||
| 100 |
_aPodosetnik Au. _9630181 |
||
| 245 | 0 | _aGlaneeat historical matoviahsm | |
| 260 | _c1970 | ||
| 650 | _aPHILOSOPHY | ||
| 700 |
_a Spirkin Au. _9630182 |
||
| 942 |
_hR3,3(V), 31L0 _cTEXL _2cc |
||
| 999 |
_c1040303 _d1040303 |
||